Normal view
MARC view
- Linstead, Stephen, Fulop, Liz, Lilley, Simon
Entry Personal Name
001 - CONTROL NUMBER
- control field: 66240
003 - CONTROL NUMBER IDENTIFIER
- control field: NUST
005 - DATE AND TIME OF LATEST TRANSACTION
- control field: 20210628203545.0
008 - FIXED-LENGTH DATA ELEMENTS
- fixed length control field: 210628|| aca||aabn | a|a d
040 ## - CATALOGING SOURCE
- Original cataloging agency: NUST
- Transcribing agency: NUST
100 ## - HEADING--PERSONAL NAME
- Personal name: Linstead, Stephen, Fulop, Liz, Lilley, Simon
670 ## - SOURCE DATA FOUND
- Source citation: Work cat.: (NUST): Linstead, Stephen, Fulop, Liz, Lilley, Simon, MANAGEMENT AND ORGANIZATION, A CIRITCAL TEXT, 2009
